Sarawak State Quiz - Statistics

General Stats
  • This quiz has been taken 106 times
  • The average score is 11 of 20
Answer Stats
Hint Answer % Correct
State capital and largest city Kuching
97%
Second most populous city Miri
78%
Country sharing a land border with only Sarawak Brunei
76%
Other bordering country Indonesia
76%
Coastal town (Hint: Starts with B) Bintulu
73%
Bordering state Sabah
73%
Predominant race Iban
70%
Longest river Rajang River
67%
Sarawak is the ____ Malaysian state Largest
65%
Island shared with the 3 above Borneo
63%
National animal Rhinoceros Hornbill
63%
Sarawak main export Oil
57%
First White Rajah of Sarawak James Brooke
49%
What year did Sarawak joined Malaysia 1963
48%
The above is a branch of this native group Dayak
40%
Well known cave Niah Cave
40%
Well known Orangutan rehabilitation center Semenggoh Wildlife Rehabilitation Center
17%
Current governor of Sarawak Abdul Taib Mahmud
16%
Annual music festival on June Rainforest World Music Festival
11%
Sarawak has the second highest _____ among the Malaysian states (Just behind Selangor) GDP Per Capita
10%
No matching quizzes found
Score Distribution
Percent of People with Each Score
Percentile by Number Answered
Your Score History
You have not taken this quiz